Commentaries on MISA and conservation of foreign exchange and prevention of smuggling activities act, 1974 along with various inter- connected laws / / (Record no. 127627)

MARC details
000 -LEADER
fixed length control field 00762nam a22002297a 4500
005 - DATE AND TIME OF LATEST TRANSACTION
control field 20170124110028.0
010 ## - LIBRARY OF CONGRESS CONTROL NUMBER
LC control number 746454
020 ## - INTERNATIONAL STANDARD BOOK NUMBER
Terms of availability 30.00
035 ## - SYSTEM CONTROL NUMBER
System control number 746454
037 ## - SOURCE OF ACQUISITION
Source of stock number/acquisition Cen Lib/Ret
040 ## - CATALOGING SOURCE
Original cataloging agency DPL
Language of cataloging EN
082 ## - DEWEY DECIMAL CLASSIFICATION NUMBER
Classification number 347.54
Item number MAL
100 ## - MAIN ENTRY--PERSONAL NAME
Personal name Malik, B.
9 (RLIN) 21048
245 ## - TITLE STATEMENT
Title Commentaries on MISA and conservation of foreign exchange and prevention of smuggling activities act, 1974 along with various inter- connected laws / /
Statement of responsibility, etc by B. Malik
260 ## - PUBLICATION, DISTRIBUTION, ETC. (IMPRINT)
Place of publication, distribution, etc Allahabad
Name of publisher, distributor, etc Law Publishers
Date of publication, distribution, etc 1975
270 ## - ADDRESS
Address Sardar Patel Marg, Post Box. No. 77
City Allahabad
Postal code 211001
300 ## - PHYSICAL DESCRIPTION
Extent xiv,353p.
Dimensions 24cm(Hb)
500 ## - GENERAL NOTE
General note Includes index.
650 ## - SUBJECT ADDED ENTRY--TOPICAL TERM
Topical term or geographic name as entry element Law
9 (RLIN) 104
650 ## - SUBJECT ADDED ENTRY--TOPICAL TERM
Topical term or geographic name as entry element Procedure & Courts
9 (RLIN) 16276
942 ## - ADDED ENTRY ELEMENTS (KOHA)
Source of classification or shelving scheme Dewey Decimal Classification
Koha item type English Books
Classification part 347.54
Call number suffix MAL
Holdings
Withdrawn status Lost status Damaged status Not for loan Home library Current library Date acquired Source of acquisition Cost, normal purchase price Total Checkouts Full call number Barcode Date last seen Copy number Cost, replacement price Price effective from Koha item type
        Central Library Central Library 30/06/2015 Cen Lib/Ret 30.00   347.54 MAL 746454 30/06/2015 1 30.00 30/06/2015 English Books

© Delhi Public Library
Hit Counter
free hit counter